| 000 | 00407nam a2200181Ia 4500 | ||
|---|---|---|---|
| 001 | 13540 | ||
| 005 | 20260306164808.0 | ||
| 008 | 260306t2002||||xx |||||||||||||| ||spa|| | ||
| 041 | _aESP | ||
| 082 |
_a004.6 _bR28 |
||
| 100 |
_aRaya, José Luis _eAUT |
||
| 245 | 0 | _aRedes locales | |
| 260 | _c2002 | ||
| 300 |
_a335 páginas : _c23 cm. |
||
| 650 | _aGEN | ||
| 654 | _aCCC | ||
| 942 |
_cLIB _dJUS _fJUS _2ddc _n |
||
| 999 |
_c13540 _d13540 |
||